000 01735 am a2200421 a 4500
005 20240523133429.0
008 100311s2007||||mx a f |||| 001 0 spa d
020 _a9701057392
041 _aspa
092 _c615
_l30
_sGOO
245 _aGoodman & Gilman.
_bLas bases farmacológicas de la terapéutica /
_cLaurence L. Brunton
250 _a11a ed.
_bTraducción José Rafael Blengio Pinto ; Jorge Orizaga Sampiero y Ana María Pérez-Tamayo Ruiz
260 _aMéxico:
_bMcGraw-Hill Interamericana;
_c2007.
300 _a2017 p.
500 _aBrunton, L. L., Lazo, J. S. y Parker, K. L. (2007). Goodman & Gilman. Las bases farmacológicas de la terapéutica. (11a ed.). México : McGraw-Hill Interamericana.
590 _aCompra ESMED 2009
653 _aPrincipios generales
653 _aFármacos con acciones en las uniones sinápticas y neuroefectoras
653 _aFármacos con acción en el sistema nervioso central
653 _aAutacoides: farmacoterapia de la inflamación
653 _aFármacos que afectan las funciones renal y cardiovascular
653 _aMedicamentos que afectan la función gastrointestinal
653 _aQuimioterapia de infecciones parasitarias
653 _aFarmacoterapia de las enfermedades microbianas
653 _aQuimioterapia de enfermedades neoplásicas
653 _aInmunomoduladores
653 _aFármacos que actúan en sangre y órganos hematopoyéticos
653 _aHormonas y sus antagonistas
653 _aDermatología
653 _aOftalmología
653 _aToxicología
700 1 _aLazo, Jhon S.
_9556
700 1 _aBrunton, Laurence L.
_9555
700 1 _aParker, Keith L.
_9557
930 _a2058
930 _a1800
942 _2ddc
_cBK
999 _c82
_d82